Cities South of the Tropic of Capricorn - Sudden Death - Statistics

General Stats
  • This quiz has been taken 7 times
  • The average score is 3 of 7
Answers on the Grid
Answers color-coded by a green-red scale on the quiz's grid according to % correct below.
Suva
Brisbane
Perth
Port Louis
Antananarivo
Maputo
Mbabane
Maseru
Windhoek
Rio de Janeiro
Asunción
Santiago
 
Answer Stats
Answer % Correct
Perth
83%
Santiago
67%
Brisbane
50%
Maputo
33%
Maseru
33%
Mbabane
33%
Asunción
0%
No matching quizzes found
Score Distribution
Percent of People with Each Score
Percentile by Number Answered
Your Score History
You have not taken this quiz